00613nam a2200193Ia 4500008004100000020001800041050001400059100002700073245002800100245005700128260001500185260002300200260000900223300001500232300002500247440002500272999001900297952010300316180207s9999 xx 000 0 und d a9780673757425 bM488 1996 aMedearis, Angela Shelf 4aThe friendship garden / cAngela Shelf Medearis ; illustrated by Marcy Ramsey. aIllinois : bCelebration Press, c1996 a16 pages : bcolor illustration ; aLittle celebrations. c355229d355229 001040aSSISMbSSISMd2018-02-07l0oER M488 1996pSSISM4774r2018-02-07 00:00:00w2018-02-07yBK